Регионална библиотека "Любен Каравелов" - Русе

Оброчни релефи : [комплект снимки] (Запис номер 375919)

MARC детайли
000 -Лидер
Контролно поле с фиксирана дължина nkm a22 a 4500
003 - Код на организацията, давaща контролен номер
Контролно поле BLK
005 - Дата и час на последна редакция
Контролно поле 20200720113440.0
008 - Елементи от данни с фиксирана дължина
fixed length control field 200720b bu ||||| |||| r0| 0 bu d
040 ## - Източник на каталожния запис
Идентификатор на билиотеката - собственик на записа BLK
041 ## - Код за език
Код за езика на текст/звукозапис или на отделно заглавие Български
Код за езика КДБФ Български
080 ## - УДК
Текстов определител УДК Видове пластични изкуства по начин на изпълнение и форма
УДК код - определител по УДК 73.027
УДК определител (497.2)(084.12)
УДК - код + определител 73.027(497.2)(084.12)
110 ## - Редна дума - колетивен орган
9 (RLIN) 419210
Редна дума - наименование на организация или юридическо лице Археологически музей. София
139 ## - Редно поле
Редна дума Археологически музей. София
245 ## - Сведения за заглавието
Заглавие Оброчни релефи : [комплект снимки]
Редно поле (дума) Археологически музей - София ; авт.-състав. Людмила Мънзова ; ред. Арон Кисиленко
260 ## - Област на издателските данни
9 (RLIN) 210539
Място на издаване, разпространение и проч. София
Име на издателя, разпространителя и проч. Септември
Година на издаване 1982
300 ## - Физическа характеристика
Илюстрации и др. 1 папка (12 с. текст, 12 отд. л.) : мнцв. снимки ;
Размери/Мащаб 13 x 16 см
380 ## - Жанр
Жанр Изкуство
700 ## - Други автори (авторска отговорност)
9 (RLIN) 419157
Лично име Кисиленко, Арон Израел
Автороска отговорност (Описва отношението между автора и произведението) ред.
700 ## - Други автори (авторска отговорност)
9 (RLIN) 351747
Лично име Мънзова, Людмила
Автороска отговорност (Описва отношението между автора и произведението) първи автор
852 ## - Местоположение
Форматна сигнатура Цб | 38687
Фондова буква Хранилище
999 ## - СИСТЕМНИ КОНТРОЛНИ НОМЕРА
Koha biblionumber 375919
Koha biblioitemnumber 375919
942 ## - АРТИКУЛИ
Вид на библиотечния материал Графични издания
Скрит в OPAC Не
Периодичен библиозапис Да
944 ## - СЪЗДАВАНЕ И РЕДАКЦИЯ на ЗАПИСА
Създаване/Редакция Създаване
Дата на регистрацията/редакция 2020-07-20
Служител, извършил регистрацията/редакцията В. Р.
999 ## - СИСТЕМНИ КОНТРОЛНИ НОМЕРА
Koha biblioitemnumber 375919
Наличности
Код за отписване Код за изгубен артикул Източник на класификационната схема Код за повреда Коз за рестрикции Код за отдаване Артикулен № Име на библиотеката - собственик Име на библиотеката, в която се намира в момента Статус (Текущо местоположение) Дата на вписване в системата Местоположение - отдел Цена в лева Инвентарен номер Систематично азбучна сигнатура Баркод Цена в евро Служебен тип на артикула
  Не е изгубен Universal Decimal Classification Не е повреден без рестрикции ползва се в читалня 785078 Регионална библиотека "Любен Каравелов" Русе Регионална библиотека "Любен Каравелов" Русе Хранилище 2020-07-22 Хранилище 2.16 350676 Цб I 38687 120000350676 1.10 Графични издания
Vip Innovations Ltd, Rousse, Bulgaria 2025